[Event "Muensterland Regionalliga 1819"]
[Site "Germany"]
[Date "2019.03.23"]
[Round "8.4"]
[White "Janning, Rainer"]
[Black "Hunhoff, Andreas"]
[Result "1-0"]
[WhiteElo "1876"]
[BlackElo "1793"]
[PlyCount "47"]
[EventDate "2018.09.08"]
[EventType "team-tourn"]
[EventRounds "9"]
[EventCountry "GER"]
[SourceTitle "EXT 2020"]
[Source "ChessBase"]
[SourceDate "2019.10.17"]
[SourceVersion "1"]
[SourceVersionDate "2019.10.17"]
[SourceQuality "1"]
[WhiteTeam "Steinfurt"]
[BlackTeam "Bocholt"]
[WhiteTeamCountry "GER"]
[BlackTeamCountry "GER"]

1. f4 f5 2. g3 Nf6 3. Bg2 e6 4. d3 d5 5. Nf3 c5 6. c4 Nc6 7. Na3 Be7 8. 0-0 0-0 9. h3 a6 10. Kh2 d4 11. Nc2 Bd6 12. e3 e5 13. fxe5 Nxe5 14. exd4 Nxf3+ 15. Qxf3 cxd4 16. Bf4 Qb6 17. b3 Bc5 18. Be5 Re8 19. Rfe1 Ne4 20. Bf4 Nf6 21. Rxe8+ Nxe8 22. Re1 Nf6 23. Be5 Bd7 24. Qxb7 1-0

[Event "Muensterland Verbandsliga 1516"]
[Site "Germany"]
[Date "2016.02.13"]
[Round "6.7"]
[White "Hunhoff, Andreas"]
[Black "Schlagheck, Thomas"]
[Result "1-0"]
[WhiteElo "1848"]
[BlackElo "1675"]
[PlyCount "55"]
[EventDate "2015.09.12"]
[EventType "team"]
[EventRounds "9"]
[EventCountry "GER"]
[SourceTitle "EXT 2017"]
[Source "ChessBase"]
[SourceDate "2016.10.25"]
[SourceVersion "1"]
[SourceVersionDate "2016.10.25"]
[SourceQuality "1"]
[WhiteTeam "Bocholt"]
[BlackTeam "Muenster SK IV"]
[WhiteTeamCountry "GER"]
[BlackTeamCountry "GER"]

1. f4 f5 2. Nf3 Nf6 3. e3 b6 4. b3 Bb7 5. Bb2 e6 6. Be2 Be7 7. 0-0 0-0 8. c4 d6 9. Ng5 Qd7 10. Bf3 Nc6 11. Na3 Nd8 12. Nc2 c5 13. d4 Bxf3 14. Qxf3 Nf7 15. Nxf7 Kxf7 16. dxc5 dxc5 17. Rad1 Qc8 18. Bxf6 Bxf6 19. e4 Rd8 20. Rxd8 Qxd8 21. Rd1 Qc8 22. Kf1 Rb8 23. exf5 exf5 24. Qd5+ Kf8 25. Ne3 g6 26. Qd6+ Kg7 27. Qd7+ Kh6 28. g4 1-0

[Event "Muensterland Verbandsliga 1516"]
[Site "Germany"]
[Date "2015.10.24"]
[Round "2.6"]
[White "Altgelt, Max"]
[Black "Hunhoff, Andreas"]
[Result "1-0"]
[WhiteElo "1694"]
[BlackElo "1848"]
[PlyCount "89"]
[EventDate "2015.09.12"]
[EventType "team"]
[EventRounds "9"]
[EventCountry "GER"]
[SourceTitle "EXT 2017"]
[Source "ChessBase"]
[SourceDate "2016.10.25"]
[SourceVersion "1"]
[SourceVersionDate "2016.10.25"]
[SourceQuality "1"]
[WhiteTeam "Muenster SK V"]
[BlackTeam "Bocholt"]
[WhiteTeamCountry "GER"]
[BlackTeamCountry "GER"]

1. e4 c5 2. Nf3 Nc6 3. d4 cxd4 4. Nxd4 g6 5. Nc3 Bg7 6. Be3 Qa5 7. Qd2 Nf6 8. f3 0-0 9. 0-0-0 a6 10. h4 h5 11. g4 b5 12. Nb3 Qd8 13. Bh6 Ne5 14. Bxg7 Kxg7 15. gxh5 Nxh5 16. f4 Nc6 17. Be2 Rh8 18. f5 e6 19. Nd4 Nxd4 20. Qxd4+ Qf6 21. e5 Qd8 22. fxe6 Bb7 23. e7 Qxe7 24. Rhf1 Bc6 25. e6+ f6 26. exd7 Rad8 27. Qd6 Qxd6 28. Rxd6 Bb7 29. Bxh5 Rxh5 30. Rfxf6 Rxh4 31. Rxg6+ Kf7 32. Rgf6+ Ke7 33. Rfe6+ Kf7 34. Re2 b4 35. Nd5 Rd4 36. Rd2 Rxd2 37. Kxd2 Bxd5 38. Rxd5 Ke6 39. Rd4 Rxd7 40. Rxd7 Kxd7 41. Kd3 Kc6 42. Kc4 a5 43. a3 bxa3 44. bxa3 Kb6 45. a4 1-0

[Event "Muensterland Regionalliga 1314"]
[Site "Germany"]
[Date "2013.09.07"]
[Round "1.7"]
[White "Hunhoff, Andreas"]
[Black "Bienhuels, Michael"]
[Result "0-1"]
[WhiteElo "1831"]
[BlackElo "1709"]
[PlyCount "96"]
[EventDate "2013.09.07"]
[EventType "team-tourn"]
[EventRounds "9"]
[EventCountry "GER"]
[SourceTitle "EXT 2015"]
[Source "ChessBase"]
[SourceDate "2014.11.20"]
[SourceVersion "1"]
[SourceVersionDate "2014.11.20"]
[SourceQuality "1"]
[WhiteTeam "Bocholt"]
[BlackTeam "Duelmen"]
[WhiteTeamCountry "GER"]
[BlackTeamCountry "GER"]

1. f4 c5 2. Nf3 Nc6 3. e3 d6 4. Be2 g6 5. d4 Bg7 6. d5 Nb8 7. 0-0 Nf6 8. c4 0-0 9. Nc3 e6 10. e4 exd5 11. exd5 Re8 12. Bd3 Na6 13. a3 Nc7 14. Rb1 a6 15. Bd2 Bg4 16. h3 Bd7 17. Qc2 b5 18. b3 b4 19. axb4 cxb4 20. Ne2 a5 21. Ng3 Na6 22. f5 Nc5 23. fxg6 fxg6 24. Bg5 Nxd3 25. Qxd3 Qb6+ 26. Kh1 Rf8 27. Rbe1 Rae8 28. Rxe8 Nxe8 29. Be3 Qc7 30. Ng5 Rxf1+ 31. Qxf1 Bc8 32. Bb6 Qe7 33. N5e4 h5 34. Qe2 h4 35. Nd2 Qxe2 36. Nxe2 Bh6 37. Nf3 a4 38. bxa4 Ba6 39. Ned4 Bxc4 40. Ba5 b3 41. Bc3 Bc1 42. Nc6 b2 43. Bxb2 Bxb2 44. Nxh4 Kf7 45. Nd8+ Kf6 46. a5 Bc3 47. Nb7 Bb4 48. Nf3 Nc7 0-1

[Event "Muensterland Verbandsliga 1011"]
[Site "Germany"]
[Date "2011.02.26"]
[Round "7.7"]
[White "Hunhoff, Andreas"]
[Black "Heine, Rolf"]
[Result "1/2-1/2"]
[WhiteElo "1683"]
[BlackElo "1752"]
[PlyCount "46"]
[EventDate "2010.09.25"]
[EventType "team-tourn"]
[EventRounds "9"]
[EventCountry "GER"]
[SourceTitle "EXT 2012"]
[Source "ChessBase"]
[SourceDate "2011.11.24"]
[SourceVersion "1"]
[SourceVersionDate "2011.11.24"]
[SourceQuality "1"]
[WhiteTeam "Bocholt"]
[BlackTeam "Sendenhorst"]
[WhiteTeamCountry "GER"]
[BlackTeamCountry "GER"]

1. f4 g6 2. Nf3 Bg7 3. e3 Nf6 4. Be2 0-0 5. 0-0 d5 6. d4 c5 7. c3 b6 8. Bd2 Ba6 9. Be1 Bxe2 10. Qxe2 Nc6 11. Nbd2 e6 12. Bh4 Qd6 13. Ne5 Nd7 14. Qb5 Ncb8 15. Ndf3 f6 16. Ng4 Nc6 17. Bg3 f5 18. Nge5 Rfc8 19. Bh4 Nf6 20. Ng5 Ne4 21. Rad1 Nxe5 22. dxe5 Qc6 23. Qxc6 Rxc6 1/2-1/2

[Event "Muensterland Verbandsliga 1011"]
[Site "Germany"]
[Date "2011.02.05"]
[Round "6.7"]
[White "Schilberg, Ingo"]
[Black "Hunhoff, Andreas"]
[Result "1/2-1/2"]
[WhiteElo "1842"]
[BlackElo "1683"]
[PlyCount "47"]
[EventDate "2010.09.25"]
[EventType "team-tourn"]
[EventRounds "9"]
[EventCountry "GER"]
[SourceTitle "EXT 2012"]
[Source "ChessBase"]
[SourceDate "2011.11.24"]
[SourceVersion "1"]
[SourceVersionDate "2011.11.24"]
[SourceQuality "1"]
[WhiteTeam "Heiden"]
[BlackTeam "Bocholt"]
[WhiteTeamCountry "GER"]
[BlackTeamCountry "GER"]

1. d4 f5 2. Nf3 e6 3. Bf4 Nf6 4. e3 Be7 5. Bd3 Nc6 6. c3 0-0 7. Nbd2 d6 8. h3 Kh8 9. Qe2 d5 10. 0-0-0 a6 11. g4 Ne4 12. Ne5 Nxe5 13. Bxe5 Bd6 14. Rhg1 Bxe5 15. dxe5 Qh4 16. f4 Nf2 17. Rdf1 Nxd3+ 18. Qxd3 Bd7 19. Rf3 Bb5 20. Qc2 Qe7 21. Rfg3 g6 22. Nf3 c5 23. b3 Bc6 24. gxf5 1/2-1/2

[Event "Muensterland Verbandsliga 1011"]
[Site "Germany"]
[Date "2010.09.25"]
[Round "1.7"]
[White "Kaiser, Guenter1111"]
[Black "Hunhoff, Andreas"]
[Result "1/2-1/2"]
[WhiteElo "1625"]
[BlackElo "1683"]
[PlyCount "40"]
[EventDate "2010.09.25"]
[EventType "team-tourn"]
[EventRounds "9"]
[EventCountry "GER"]
[SourceTitle "EXT 2012"]
[Source "ChessBase"]
[SourceDate "2011.11.24"]
[SourceVersion "1"]
[SourceVersionDate "2011.11.24"]
[SourceQuality "1"]
[WhiteTeam "Ochtrup"]
[BlackTeam "Bocholt"]
[WhiteTeamCountry "GER"]
[BlackTeamCountry "GER"]

1. e4 c5 2. Nf3 d6 3. d4 Nf6 4. Nc3 cxd4 5. Nxd4 a6 6. Bg5 e6 7. f4 Be7 8. Qf3 Nbd7 9. 0-0-0 Qc7 10. g4 Rb8 11. Bxf6 Bxf6 12. g5 Be7 13. f5 Bxg5+ 14. Kb1 Nc5 15. Qh5 Bf6 16. fxe6 Bxe6 17. Nxe6 Nxe6 18. Nd5 Qc5 19. Nxf6+ gxf6 20. Qd5 Ke7 1/2-1/2

[Event "Muensterland Verbandsliga 0809"]
[Site "Germany"]
[Date "2008.12.13"]
[Round "4.8"]
[White "Hoeing, Johannes"]
[Black "Hunhoff, Andreas"]
[Result "1-0"]
[WhiteElo "1915"]
[BlackElo "1602"]
[PlyCount "41"]
[EventDate "2008.09.20"]
[EventType "team-tourn"]
[EventRounds "9"]
[EventCountry "GER"]
[SourceTitle "EXT 2010"]
[Source "ChessBase"]
[SourceDate "2010.11.25"]
[SourceVersion "1"]
[SourceVersionDate "2010.11.25"]
[SourceQuality "1"]
[WhiteTeam "Suedlohn"]
[BlackTeam "Bocholt"]
[WhiteTeamCountry "GER"]
[BlackTeamCountry "GER"]

1. Nf3 f5 2. g3 e6 3. Bg2 Nf6 4. d3 Be7 5. Nbd2 d5 6. c3 0-0 7. Qc2 c6 8. e4 fxe4 9. dxe4 dxe4 10. Nxe4 Nxe4 11. Qxe4 Qd5 12. Qe2 Qf5 13. 0-0 Na6 14. Bf4 Bf6 15. Be5 Bxe5 16. Nxe5 Nc7 17. Rad1 Qf6 18. Rd4 Qe7 19. Be4 Qg5 20. f4 Qh6 21. Ng4 1-0